000 00521nam a22001457a 4500
008 210519b ||||| |||| 00| 0 eng d
020 _a9781786075192
082 _aFIC 813.54 JON
100 _aJones, TayarI
245 _aAn American marriage
260 _aEngland :
_bOne world Publications,
_c2018.
300 _a310 p.
_c20 cm.
650 _a African Americans--Marriage--Fiction. Man-woman relationships--Fiction. African American families--Fiction. False imprisonment--Fiction. Atlanta (Ga.)--Fiction.
942 _2ddc
999 _c8753
_d8754